Statistics for Name The Soccer Player

Click here to take the quiz!

General Stats

  • This quiz has been taken 482 times
  • The average score is 8 of 9

Answer Stats

Answer% Correct
Cristiano Ronaldo
100%
Mohamed Salah
98%
Lionel Messi
97%
Neymar Jr
96%
David De Gea
93%
Virgil Van Dijk
90%
Sergio Ramos
89%
Kevin De Bruyne
86%
Paul Pogba
86%

Score Distribution

Percentile by Number Answered

Percent of People with Each Score

Your Score History

You have not taken this quiz